The Drummer Did It - Statistics

General Stats
  • This quiz has been taken 13 times
  • The average score is 8 of 14
Answer Stats
Hints Drummers % Correct
After driving the beat behind Kurt Cobain, today you'll find him leading the Foo Fighters. Dave Grohl
100%
Often overshadowed by his bandmates, this drummer's nasal voice is featured on “Yellow Submarine” and “Octopus’s Garden." Ringo Starr
92%
With a four-octave range, it's not surprising he moved quickly from drums to lead vocals with Soundgarden. Chris Cornell
85%
This 1960s London rock icon with double bass drums also gained fame for destroying his kits on stage and trashing hotel rooms. Keith Moon
85%
Half of a brother/sister soft rock duo in the 1970s, she is primarily remembered as a pop singer. Karen Carpenter
77%
Known as "the professor," this Canadian drummer and lyricist also authored seven novels. Neil Peart
77%
A string of drummers spontaneously combusted while gigging with this mockumentary band. Spinal Tap
77%
Rolling Stone magazine's greatest drummer ever, his 20-minute drum solos were so iconic, his heavy rock band disbanded after his death in 1980. John Bonham
69%
A lead singer who writes "I Can't Dance" might as well be seated behind a kit, right? Phil Collins
62%
This hot-tempered red-headed Londoner famously hated Jack Bruce and spent much of his life in Africa, often with Afrobeat innovator Fela Kuti. Ginger Baker
46%
Many drummers on this list were inspired by this jazz great who played with Miles Davis and Mahavishnu Orchestra. Billy Cobham
15%
Prolific "Wrecking Crew" sessions drummer, you've heard him on 150 US top 10 hits. Hal Blaine
15%
After defining punk in 1975, this drummer nicknamed Cookie has played in dozens of bands and "discovered" Bananarama. Paul Cook
15%
This one-armed "thunder god" started a charity to bring music to vets and firefighters suffering from PTSD. Rick Allen
15%
No matching quizzes found
Score Distribution
Percent of People with Each Score
Percentile by Number Answered
Your Score History
You have not taken this quiz